Itelligence support systems : Technologies for lawful intercepts

Salvato in:
Dettagli Bibliografici
Autore principale: Hoffmann, Paul
Natura: Libro
Lingua:Undetermined
Pubblicazione: Boca Raton Taylor & Francis 2006
Soggetti:
Tags: Aggiungi Tag
Nessun Tag, puoi essere il primo ad aggiungerne! !
Thư viện lưu trữ: Trung tâm Học liệu Trường Đại học Cần Thơ
LEADER 00672nam a2200229Ia 4500
001 CTU_100170
008 210402s9999 xx 000 0 und d
020 |c 1450000 
082 |a 345.73 
082 |b H711 
100 |a Hoffmann, Paul 
245 0 |a Itelligence support systems : 
245 0 |b Technologies for lawful intercepts 
245 0 |c Paul Hoffmann, Kornel Terplan 
260 |a Boca Raton 
260 |b Taylor & Francis 
260 |c 2006 
650 |a Intelligence service,Electronic surveillance 
650 |x Law and legislation 
650 |z United States,United States 
904 |i Giang 
980 |a Trung tâm Học liệu Trường Đại học Cần Thơ